000 01895nam a2200253Ia 4500
008 260220t1971||||xx |||||||||||||| ||spa||
040 _aPY-SlUNAC
_bspa
_erda
041 _aspa
082 _a530
_bAl72f
100 _aAlonso, Marcelo
_eAutor
245 0 _aFísica :
_bfundamentos cuánticos y estadísticos /
_cpor Marcelo Alonso [Autor] y Edward J. Finn [Autor]
264 _aBogotá :
_bFondo Educativo Americano,
_c℗1971.
300 _a1 volumen
520 _aEl libro "Física: fundamentos cuánticos y estadísticos" de Marcelo Alonso ofrece una introducción integral a los principios fundamentales de la física moderna, centrándose en la mecánica cuántica y la estadística. A lo largo de sus capítulos, Alonso aborda conceptos esenciales como el principio de incertidumbre, la dualidad onda-partícula y la función de onda, proporcionando un marco conceptual claro y accesible para estudiantes y entusiastas de la física. Además, se exploran los fundamentos de la termodinámica y la teoría cinética de los gases, relacionando estos conceptos con las propiedades macroscópicas de la materia. Con un enfoque pedagógico, el autor incluye ejemplos y problemas que fomentan la comprensión y la aplicación práctica de los conceptos discutidos. La obra también destaca la importancia de la estadística en la interpretación de fenómenos físicos, fortaleciendo la conexión entre las teorías cuánticas y las observaciones experimentales. En conjunto, el texto sirve como una valiosa referencia para quienes desean profundizar en el estudio de la física contemporánea.
653 _aEstadística
653 _aFísica
653 _aMecánica cuántica
700 _aFinn, Edward J.
_eAutor
942 _b2026/02/17
_cBK
999 _c7704
_d7704